International Border Outlines - Statistics

General Stats
  • This quiz has been taken 36 times
  • The average score is 7 of 16
Answer Stats
Picture Answer % Correct
Ethiopia + Somalia
96%
Gambia + Senegal
96%
Canada + United States
85%
Bosnia and Herzegovina + Croatia
81%
Botswana + Namibia
78%
Armenia + Azerbaijan
59%
Austria + Germany
37%
Egypt + Sudan
37%
Laos + Thailand
37%
China + North Korea
30%
Ireland + United Kingdom
26%
Republic of the Congo + Gabon
22%
Poland + Ukraine
7%
Brazil + Peru
4%
El Salvador + Honduras
4%
China + Kazakhstan
0%
No matching quizzes found
Score Distribution
Percent of People with Each Score
Percentile by Number Answered
Your Score History
You have not taken this quiz